[Event "Ä17Ï"]
[Site "Loo"]
[Date "2017.04.25"]
[Round "6.12"]
[White "Óðâà÷¸âà, Àðèíà."]
[Black "Åôèìîâà, Òóÿðà."]
[Result "1-0"]
[WhiteElo "1706"]
[BlackElo "1525"]
[PlyCount "55"]
[EventDate "2017.04.20"]

1. d4 d5 2. Nf3 Nf6 3. c4 e6 4. e3 c5 5. Bd3 Nc6 6. O-O Qb6 7. cxd5 Nxd5 8. Nc3
cxd4 9. exd4 g6 10. Nxd5 exd5 11. Re1+ Be6 12. Ng5 Nxd4 13. Qa4+ Nc6 14. Nxe6
fxe6 15. Rxe6+ Kf7 16. Re2 Bd6 17. Qg4 Rhe8 18. Qd7+ Ne7 19. Qe6+ Kg7 20. Bg5
Ng8 21. Qxd5 Rxe2 22. Bxe2 Qxb2 23. Rc1 Rf8 24. Qxd6 Qxe2 25. Rc7+ Kh8 26. Qd4+
Nf6 27. Bxf6+ Kg8 28. Qd5+ 1-0

[Event "Ä17Ï"]
[Site "Loo"]
[Date "2017.04.25"]
[Round "6.14"]
[White "Êàíàãèíà, Ïîëèíà."]
[Black "Âàõðóøåâà, Âàëåðèÿ."]
[Result "0-1"]
[WhiteElo "1597"]
[BlackElo "1313"]
[PlyCount "114"]
[EventDate "2017.04.20"]

1. e4 e5 2. Nf3 Nf6 3. Nc3 Nc6 4. d4 exd4 5. Nxd4 Bb4 6. Qd3 d6 7. Bd2 O-O 8.
O-O-O Nxd4 9. Qxd4 Bc5 10. Qd3 Bxf2 11. Bg5 Bg4 12. Be2 Bxe2 13. Qxe2 Bc5 14.
e5 h6 15. Ne4 hxg5 16. Nxc5 Re8 17. Rhe1 Qe7 18. Nd3 Nd7 19. Qf3 Nxe5 20. Nxe5
dxe5 21. Qxb7 e4 22. Re3 f5 23. Rde1 c5 24. Qd5+ Qe6 25. Qxc5 g6 26. a3 Red8
27. Rb3 Qd6 28. Qe3 g4 29. Rb7 Rd7 30. Rxd7 Qxd7 31. Rd1 Qc7 32. Qh6 Qg7 33.
Qg5 Re8 34. Re1 a5 35. Re3 Qf7 36. g3 Kh7 37. Rc3 Qe7 38. Qe3 Qe6 39. Rc5 Qb6
40. Qc3 Re7 41. Rc8 Qg1+ 42. Kd2 Rd7+ 43. Ke2 Qd1+ 44. Kf2 Rd2+ 45. Ke3 Qe2+
46. Kf4 Qf3+ 47. Kg5 Qxc3 48. Rxc3 Rxh2 49. Rc7+ Kg8 50. Kxg6 Kf8 51. Kxf5 e3
52. Kf6 Rh6+ 53. Kf5 e2 54. Kg5 Re6 55. c4 e1=Q 56. c5 Qe5+ 57. Kxg4 Qxc7 0-1

[Event "Ä17Ï"]
[Site "Loo"]
[Date "2017.04.25"]
[Round "6.15"]
[White "Áàðñêîâà, Ïîëèíà."]
[Black "×óëî÷íèêîâà, Îëüãà."]
[Result "1/2-1/2"]
[WhiteElo "1761"]
[BlackElo "1318"]
[PlyCount "70"]
[EventDate "2017.04.20"]

1. d4 d5 2. Bf4 Bf5 3. c4 e6 4. Nc3 c6 5. e3 Nf6 6. Nf3 Qa5 7. Nd2 Bb4 8. Qc1
O-O 9. Be2 Nbd7 10. O-O Bxc3 11. Qxc3 Qxc3 12. bxc3 Rfe8 13. Nf3 Bg4 14. cxd5
exd5 15. h3 Bxf3 16. Bxf3 Ne4 17. Bxe4 dxe4 18. f3 Nf6 19. c4 exf3 20. gxf3 Nh5
21. Rfe1 Nxf4 22. exf4 g6 23. Re4 Rad8 24. Rd1 Re6 25. Kf2 Red6 26. Ke2 Kf8 27.
Re5 b6 28. h4 R8d7 29. Re4 h6 30. h5 Rd8 31. Rd2 R8d7 32. Rd1 Rd8 33. Rd2 R8d7
34. Rd1 Rd8 35. Rd2 R8d7 1/2-1/2

[Event "Ä17Ï"]
[Site "Loo"]
[Date "2017.04.25"]
[Round "6.16"]
[White "Ïîëÿíñêàÿ, Åëèçàâåòà."]
[Black "Àâåðèíà, Âåðà."]
[Result "1/2-1/2"]
[WhiteElo "1611"]
[BlackElo "1729"]
[PlyCount "81"]
[EventDate "2017.04.20"]

1. d4 Nc6 2. e3 e5 3. Nf3 e4 4. Nfd2 f5 5. c4 g6 6. Nc3 Bg7 7. a3 a5 8. f3 Nf6
9. Be2 O-O 10. O-O exf3 11. Nxf3 Bh6 12. d5 Ne7 13. Qd3 Re8 14. e4 Bxc1 15.
Raxc1 fxe4 16. Nxe4 Nxe4 17. Qxe4 Nf5 18. Qd3 d6 19. Rf2 Qf6 20. Qd2 Ne3 21.
Nd4 Qe5 22. Rc3 Ng4 23. Bxg4 Bxg4 24. h3 Qe1+ 25. Qxe1 Rxe1+ 26. Kh2 Bd7 27.
Rcf3 Re7 28. Rf6 Ree8 29. Rf7 Rf8 30. Rxf8+ Rxf8 31. Kg3 Rxf2 32. Kxf2 a4 33.
Ke3 Kf7 34. b4 axb3 35. Nxb3 b6 36. Nd4 Kf6 37. h4 h6 38. g3 Ke5 39. Nf3+ Kf5
40. Nd4+ Kg4 41. Kf2 {äàëåå çàïèñü íåðàçáîð~~èâà} 1/2-1/2

[Event "Ä17Ï"]
[Site "Loo"]
[Date "2017.04.25"]
[Round "6.17"]
[White "Øìèäò, Êñåíèÿ."]
[Black "Ñâèðèäîâà, Àíàñòàñèÿ."]
[Result "1-0"]
[WhiteElo "1490"]
[BlackElo "1278"]
[PlyCount "93"]
[EventDate "2017.04.20"]

1. d4 d5 2. Nf3 Nf6 3. c4 e6 4. Nc3 Nbd7 5. Bg5 Be7 6. e3 b6 7. cxd5 exd5 8.
Bd3 Bb7 9. O-O O-O 10. a3 a5 11. Rc1 Rc8 12. Nb5 Ne4 13. Bxe7 Qxe7 14. Rxc7
Rxc7 15. Nxc7 Rc8 16. Nb5 Qf6 17. Nd2 Qe6 18. Nxe4 dxe4 19. Be2 Nf6 20. Qd2 Qc6
21. Nc3 h6 22. h3 Qe6 23. Rd1 Nd5 24. Rc1 Qg6 25. Bf1 Ne7 26. d5 Rd8 27. Bc4
Bc8 28. Kh1 Nc6 29. Qc2 Ne5 30. Qxe4 Qf6 31. f4 Nxc4 32. Qxc4 Qh4 33. Qe2 Re8
34. Qf3 h5 35. Kg1 Rd8 36. Qf2 Qf6 37. Rd1 Bb7 38. e4 Qe7 39. Qxb6 Ra8 40. Qd4
f6 41. d6 Qd7 42. Qc4+ Kh7 43. Qc7 Qxc7 44. dxc7 Rc8 45. Nb5 Ra8 46. Rd8 Bc8
47. Nd6 1-0

[Event "Ä17Ï"]
[Site "Loo"]
[Date "2017.04.25"]
[Round "6.18"]
[White "Ìèíüêî, Îëüãà."]
[Black "Ñîëîâüåâà, Ìàðèÿ."]
[Result "1-0"]
[WhiteElo "1597"]
[BlackElo "1477"]
[PlyCount "51"]
[EventDate "2017.04.20"]

1. e4 e5 2. Nf3 Nc6 3. d4 exd4 4. Nxd4 Bc5 5. Be3 Qf6 6. c3 a6 7. g3 d6 8. Bg2
Bd7 9. O-O Nge7 10. Qd2 h6 11. f4 O-O 12. Qf2 Bxd4 13. cxd4 Ng6 14. Nc3 Rfe8
15. Nd5 Qd8 16. f5 Nge7 17. f6 Nxd5 18. exd5 Qxf6 19. dxc6 Qxf2+ 20. Bxf2 Bxc6
21. Bxc6 bxc6 22. Rfe1 Rxe1+ 23. Rxe1 Rb8 24. b3 Kf8 25. Rc1 Re8 26. Rxc6 {
äàëåå çàïèñü íåðàçáîð~~èâà} 1-0

[Event "Ä17Â"]
[Site "Loo"]
[Date "2017.04.25"]
[Round "6.1"]
[White "Øàôèãóëëèíà, Çàðèíà."]
[Black "Ãîëüöåâà, Åêàòåðèíà."]
[Result "1/2-1/2"]
[WhiteElo "1997"]
[BlackElo "2211"]
[PlyCount "50"]
[EventDate "2017.04.20"]

1. d4 d5 2. c4 dxc4 3. e3 e5 4. Bxc4 exd4 5. exd4 Bd6 6. Nf3 Nf6 7. Nc3 O-O 8.
O-O Nc6 9. h3 h6 10. Nb5 Bf5 11. Bd2 a6 12. Nxd6 Qxd6 13. Bc3 Rad8 14. Ne5 Be6
15. Bxe6 Qxe6 16. Nxc6 Qxc6 17. Rc1 Qb6 18. Qa4 Rd5 19. Rfe1 Rb5 20. Qc4 c6 21.
Re7 Nd5 22. Rd7 Nf6 23. Re7 Nd5 24. Rd7 Nf6 25. Re7 Nd5 1/2-1/2

[Event "Ä17Â"]
[Site "Loo"]
[Date "2017.04.25"]
[Round "6.2"]
[White "Âîðîáüåâà, Âàëåðèÿ."]
[Black "Êî÷óêîâà, Àííà."]
[Result "0-1"]
[WhiteElo "1898"]
[BlackElo "2035"]
[PlyCount "98"]
[EventDate "2017.04.20"]

1. e4 c5 2. Nf3 e6 3. d4 cxd4 4. Nxd4 Nf6 5. Nc3 d6 6. Be3 Be7 7. f4 Nc6 8. Qf3
Qc7 9. O-O-O a6 10. g4 Nd7 11. g5 b5 12. f5 Nxd4 13. Rxd4 Ne5 14. Qf4 Rb8 15.
f6 Bf8 16. Be2 g6 17. a3 Nc4 18. Rd3 b4 19. axb4 Rxb4 20. Nd1 Qa5 21. c3 Ra4
22. Rd4 e5 23. Rxc4 Rxc4 24. Qf2 Rc6 25. Bf3 h6 26. h4 hxg5 27. hxg5 Rxh1 28.
Bxh1 Be6 29. Qf3 Bb3 30. Kd2 Qa1 31. Bg2 Rc8 32. Bf1 Rb8 33. Bd3 Bxd1 34. Qxd1
Rxb2+ 35. Ke1 Qa5 36. Bd2 Ra2 37. Qg4 Ra1+ 38. Ke2 Qc7 39. Qf3 Ra2 40. Qh3 Qb7
41. Qf3 Qb2 42. Qe3 a5 43. Bc4 Ra4 44. Bd5 Qb5+ 45. Kf2 Ra1 46. Qe2 Qb1 47. Kf3
Qh1+ 48. Kf2 Qg1+ 49. Kf3 Rf1+ 0-1

[Event "Ä17Â"]
[Site "Loo"]
[Date "2017.04.25"]
[Round "6.3"]
[White "Ïåòðî÷åíêî, Ìàðèÿ."]
[Black "Àêñåíîâà, Ìàðèÿ."]
[Result "1-0"]
[WhiteElo "2141"]
[BlackElo "1923"]
[PlyCount "141"]
[EventDate "2017.04.20"]

1. d4 d6 2. Nf3 Bg4 3. c4 Nd7 4. Qb3 Rb8 5. Nc3 g6 6. h3 Bxf3 7. exf3 Bg7 8.
Be3 Ngf6 9. Bd3 a6 10. Qc2 c5 11. O-O O-O 12. Rad1 cxd4 13. Bxd4 Qc7 14. Rfe1
e5 15. Be3 b5 16. Nd5 Nxd5 17. cxd5 Qxc2 18. Bxc2 Rfc8 19. Bb3 a5 20. a3 a4 21.
Ba2 Rc2 22. Rd2 Rbc8 23. Bb1 Rxd2 24. Bxd2 Rc5 25. Bb4 Rxd5 26. Be4 Rd4 27. Bc6
Nc5 28. Bc3 Rf4 29. Rd1 Bf8 30. Bxb5 Rf6 31. Bc4 Nd7 32. Ba5 Rf4 33. Bb5 Nc5
34. Bc3 Rf6 35. Kf1 Re6 36. Bb4 Re7 37. Rd5 Rb7 38. Bc4 Rb8 39. Ke1 Be7 40. Kd2
Kf8 41. Kc2 f6 42. Bxc5 dxc5 43. Rd7 Ra8 44. Rc7 f5 45. Rc6 Kg7 46. Ra6 Rxa6
47. Bxa6 Kf6 48. Kd3 Ke6 49. Bc4+ Kd6 50. Bg8 h6 51. Bh7 e4+ 52. fxe4 fxe4+ 53.
Kc2 Ke5 54. Bxg6 Kf4 55. Be8 Bf6 56. Bxa4 Bd4 57. Bc6 Bxf2 58. a4 Be1 59. Kb3
e3 60. Kc4 Bb4 61. Bf3 Kg3 62. Kb5 e2 63. Bxe2 Bd2 64. Bf3 Be3 65. a5 c4 66.
Kxc4 Kf4 67. Kd5 Kf5 68. b4 Kf6 69. b5 Ke7 70. Kc6 Kd8 71. Bg4 1-0

[Event "Ä17Â"]
[Site "Loo"]
[Date "2017.04.25"]
[Round "6.4"]
[White "Íîñà÷åâà, Ìàðèÿ."]
[Black "Çèííàòóëëèíà, Àäåëÿ."]
[Result "1/2-1/2"]
[WhiteElo "2063"]
[BlackElo "1778"]
[PlyCount "103"]
[EventDate "2017.04.20"]

1. e4 c5 2. Nf3 Nf6 3. Nc3 d5 4. e5 Ne4 5. d4 Nxc3 6. bxc3 e6 7. Be2 Nc6 8. O-O
Be7 9. Bf4 c4 10. Qd2 O-O 11. h4 f6 12. exf6 Bxf6 13. g3 Qe8 14. Rfe1 h6 15.
Bf1 Qf7 16. Bg2 Bd7 17. Rab1 b6 18. Re2 Rac8 19. Rbe1 Rfe8 20. Nh2 b5 21. Nf3
b4 22. Be5 Nxe5 23. Nxe5 Bxe5 24. Rxe5 bxc3 25. Qxc3 Rb8 26. Qa5 Rb2 27. R1e2
Rb1+ 28. Kh2 Rbb8 29. c3 Bb5 30. Bh3 Rb6 31. a4 Ba6 32. Bg2 Bb7 33. h5 Ra6 34.
Qb5 Rb6 35. Qc5 Rc6 36. Qa3 Ra6 37. Bh3 Rc6 38. Kg2 Rb6 39. Bf5 Qf6 40. a5 Ra6
41. Bg6 Rf8 42. Qb4 Qf3+ 43. Kh2 Bc8 44. Bb1 Rc6 45. Qb2 Rc7 46. Kg1 Rb7 47.
Qc2 Rxb1+ 48. Qxb1 Qxc3 49. Qd1 Qxa5 50. Qc2 Qa1+ 51. Kg2 Qxd4 52. Qg6 1/2-1/2

[Event "Ä17Â"]
[Site "Loo"]
[Date "2017.04.25"]
[Round "6.5"]
[White "Ñàêîðåíêî, Àäðèàíà."]
[Black "Ãîëîâêèíà, Àíàñòàñèÿ."]
[Result "1-0"]
[WhiteElo "2007"]
[BlackElo "2061"]
[PlyCount "105"]
[EventDate "2017.04.20"]

1. d4 d5 2. Bf4 Nf6 3. e3 c5 4. c3 Nc6 5. Nd2 Bf5 6. Ngf3 Qb6 7. Qb3 c4 8. Qxb6
axb6 9. a3 b5 10. Rc1 e6 11. Nh4 Bg6 12. Nxg6 hxg6 13. h3 Be7 14. Be2 Nd7 15.
O-O O-O 16. Rfe1 Nb6 17. e4 dxe4 18. Nxe4 Nd5 19. Bh2 g5 20. Bd6 Rfe8 21. Bxe7
Rxe7 22. Nxg5 Nf4 23. g3 Nxe2+ 24. Rxe2 Rd8 25. Rce1 Rd5 26. Nf3 Red7 27. Kg2
R7d6 28. h4 g6 29. Ne5 Kg7 30. g4 Rd8 31. Kg3 Rh8 32. Re4 Rhd8 33. f4 Rh8 34.
R4e2 Kf6 35. Rh2 Rdd8 36. Reh1 Kg7 37. h5 Nxe5 38. h6+ Kf6 39. dxe5+ Ke7 40. g5
Rd3+ 41. Kg4 Kf8 42. Rh3 Rd2 43. R1h2 Rd8 44. Kf3 Kg8 45. Ke2 Rd5 46. Rh1 Kh7
47. Rd1 Rhd8 48. Rhh1 Rd3 49. Rxd3 Rxd3 50. Rd1 Rxd1 51. Kxd1 b6 52. Ke2 Kg8
53. Ke3 1-0

[Event "Ä17Â"]
[Site "Loo"]
[Date "2017.04.25"]
[Round "6.6"]
[White "Íàçàðîâà, Àíàñòàñèÿ."]
[Black "ßíó÷åíêî, Ïîëèíà."]
[Result "1-0"]
[WhiteElo "1964"]
[BlackElo "2060"]
[PlyCount "87"]
[EventDate "2017.04.20"]

1. e4 d6 2. d4 g6 3. Nc3 Bg7 4. Be3 c6 5. Qd2 b5 6. O-O-O Nf6 7. f3 O-O 8. g4
h5 9. gxh5 Nxh5 10. Nce2 Nd7 11. Ng3 Ndf6 12. N1e2 Be6 13. Kb1 b4 14. Bh6 Qa5
15. Nc1 Kh7 16. Bxg7 Kxg7 17. Nb3 Qc7 18. Nxh5+ Nxh5 19. f4 Bg4 20. Re1 e5 21.
f5 Nf4 22. Rg1 Bh5 23. dxe5 dxe5 24. Qxb4 a5 25. Qc3 Rfd8 26. Bc4 a4 27. Nc5
Rd4 28. fxg6 fxg6 29. Ne6+ Nxe6 30. Bxe6 a3 31. Rgf1 Qd6 32. Bb3 Rf8 33. bxa3
Rxf1 34. Rxf1 Rxe4 35. a4 c5 36. Bc4 Qd4 37. Qxd4 Rxd4 38. Bb5 e4 39. c3 Rd2
40. Re1 Bf3 41. Bc6 Rxh2 42. a5 Rh1 43. Rxh1 Bxh1 44. Kc1 1-0

[Event "Ä17Â"]
[Site "Loo"]
[Date "2017.04.25"]
[Round "6.7"]
[White "Ôèëèïïîâà, Äàðüÿ."]
[Black "Áóäíèêîâà, Âàðâàðà."]
[Result "0-1"]
[WhiteElo "1996"]
[BlackElo "1900"]
[PlyCount "146"]
[EventDate "2017.04.20"]

1. c4 e5 2. Nc3 Nf6 3. g3 d5 4. cxd5 Nxd5 5. Bg2 Nb6 6. Nf3 Nc6 7. O-O Be7 8.
Rb1 O-O 9. b4 Bf5 10. b5 Bxb1 11. bxc6 Bf5 12. cxb7 Rb8 13. Nxe5 Bd7 14. d4 Qe8
15. Qd3 f6 16. Nxd7 Qxd7 17. Qe4 Rfd8 18. a4 Bb4 19. Nb5 Nd5 20. Qb1 a5 21. e4
Ne7 22. Qa2+ Kh8 23. d5 c6 24. dxc6 Nxc6 25. Bb2 Rxb7 26. f4 Rbb8 27. h3 Bc5+
28. Kh2 Nb4 29. Qb1 Qd3 30. e5 Qxb1 31. Rxb1 Be7 32. Bc3 fxe5 33. fxe5 Rd3 34.
Bf1 Rf3 35. Kg2 Rbf8 36. Bd4 Nc6 37. Bg1 Nxe5 38. Nd4 Ra3 39. Ne6 Ra2+ 40. Kh1
Rg8 41. Rb5 Nf3 42. Rxa5 Ra1 43. Kg2 Nxg1 44. Kxg1 Re1 45. Ra6 Bb4 46. Kf2 Re8
47. Bc4 Rc1 48. Bb5 Rec8 49. Ra7 R1c2+ 50. Kf3 R2c3+ 51. Kg2 Re3 52. Nc7 Bd6
53. Bd7 Rf8 54. Ra8 Rxg3+ 55. Kh1 Rxa8 56. Nxa8 Rb3 57. a5 Ra3 58. Nb6 Rxa5 59.
Nc4 Ra1+ 60. Kg2 Bc5 61. Ne5 g6 62. Nd3 Bd4 63. Nf4 Ra3 64. Bb5 Rb3 65. Ba4
Rb2+ 66. Kf3 Ra2 67. Bb5 Be5 68. Nd3 Bd6 69. Bc4 Rc2 70. Bb5 Kg7 71. Nf2 Rc3+
72. Ke2 Bc5 73. Ne4 Re3+ 0-1

[Event "Ä17Â"]
[Site "Loo"]
[Date "2017.04.25"]
[Round "6.8"]
[White "Êîçèíà, Àíàñòàñèÿ."]
[Black "Ïàíêîâà, Þëèÿ."]
[Result "1/2-1/2"]
[WhiteElo "2117"]
[BlackElo "1786"]
[PlyCount "82"]
[EventDate "2017.04.20"]

1. e4 c5 2. Nf3 Nc6 3. Bb5 g6 4. Bxc6 bxc6 5. O-O Bg7 6. c3 Nf6 7. e5 Nd5 8. d4
cxd4 9. cxd4 O-O 10. Nc3 Nxc3 11. bxc3 d6 12. Re1 Bg4 13. Bf4 Qd7 14. exd6 exd6
15. h3 Bf5 16. Nd2 c5 17. Nc4 cxd4 18. cxd4 d5 19. Ne5 Qb5 20. a4 Qa6 21. Qb3
Be6 22. Qb5 Qxb5 23. axb5 Rfb8 24. Reb1 Rb6 25. Nc6 Bd7 26. Ne7+ Kh8 27. Nxd5
Rb7 28. b6 Bxd4 29. Ra6 Be6 30. Nc7 Rc8 31. Rxa7 Rxa7 32. bxa7 Bxa7 33. Be5+
Kg8 34. Nxe6 fxe6 35. Rb7 Rc1+ 36. Kh2 Bxf2 37. Rg7+ Kf8 38. Rxh7 Re1 39. Bd6+
Kg8 40. Re7 Bh4 41. Re8+ Kg7 1/2-1/2

[Event "Ä17Â"]
[Site "Loo"]
[Date "2017.04.25"]
[Round "6.9"]
[White "Ãàðìàø, Àëåíà."]
[Black "Çîòîâà, Àíàñòàñèÿ."]
[Result "0-1"]
[WhiteElo "1844"]
[BlackElo "2067"]
[PlyCount "72"]
[EventDate "2017.04.20"]

1. d4 Nf6 2. Nf3 g6 3. c4 Bg7 4. Nc3 d5 5. Bf4 O-O 6. e3 c5 7. dxc5 Ne4 8. Rc1
Qa5 9. Be5 Bxe5 10. Nxe5 Nxc3 11. Rxc3 Qxa2 12. Qc1 Qa5 13. cxd5 Na6 14. Bxa6
Qxa6 15. Nc4 Qb5 16. Na3 Qd7 17. Qd2 Rd8 18. Rd3 b6 19. c6 Qf5 20. b4 Be6 21.
O-O Rxd5 22. Rxd5 Bxd5 23. b5 a6 24. Rd1 axb5 25. e4 Bxe4 26. c7 Qg4 27. f3
Bxf3 28. Rc1 Bb7 29. Nxb5 Qa4 30. Nc3 Qc4 31. Nd1 Qe4 32. Ne3 Kg7 33. Qb2+ f6
34. Qxb6 Ra2 35. c8=Q Rxg2+ 36. Kh1 Rg5+ 0-1

[Event "Ä17Â"]
[Site "Loo"]
[Date "2017.04.25"]
[Round "6.10"]
[White "Ñêîìîðîõèíà, Åêàòåðèíà."]
[Black "Ãûðãåíîâà, Åêàòåðèíà."]
[Result "1/2-1/2"]
[WhiteElo "1917"]
[BlackElo "1849"]
[PlyCount "82"]
[EventDate "2017.04.20"]

1. d4 e6 2. Nf3 c5 3. c3 Nc6 4. Bf4 cxd4 5. cxd4 Qb6 6. Qd2 Nf6 7. Nc3 d5 8. e3
Ne4 9. Qc2 Bd7 10. Be2 Rc8 11. O-O Be7 12. Rfc1 g5 13. Bg3 Nxg3 14. hxg3 g4 15.
Nd2 h5 16. Qb3 Qc7 17. Nf1 f5 18. Bd3 a6 19. Na4 h4 20. Nc5 Bxc5 21. Rxc5 Rb8
22. Rac1 Qd8 23. a4 Kf7 24. gxh4 Qxh4 25. Ng3 Kg7 26. Bxf5 Rh6 27. Bd3 Qh2+ 28.
Kf1 Rf6 29. Ke2 Rbf8 30. Rf1 Bc8 31. Ke1 Kg8 32. Qd1 e5 33. dxe5 Nxe5 34. Rxd5
Nxd3+ 35. Qxd3 Qxg2 36. Rg5+ Kf7 37. Ne4 Rc6 38. Nd6+ Ke7 39. Nxc8+ Rfxc8 40.
Qh7+ Kd6 41. Rg6+ Kc5 1/2-1/2

[Event "Ä17Â"]
[Site "Loo"]
[Date "2017.04.25"]
[Round "6.11"]
[White "Àôîíàñüåâà, Àííà."]
[Black "Ôîêèíà, Ýëèíà."]
[Result "1-0"]
[WhiteElo "2213"]
[BlackElo "1878"]
[PlyCount "49"]
[EventDate "2017.04.20"]

1. d4 Nf6 2. Nf3 e6 3. g3 b6 4. Bg2 Bb7 5. O-O Be7 6. c4 O-O 7. d5 exd5 8. Nh4
c6 9. cxd5 Nxd5 10. Nf5 Nf6 11. e4 d5 12. Bf4 Bc5 13. e5 Bc8 14. exf6 Bxf5 15.
fxg7 Kxg7 16. Nc3 Nd7 17. b4 Be7 18. b5 Bf6 19. Qc1 Bd3 20. Rd1 Bxb5 21. Nxb5
Bxa1 22. Qxa1+ Qf6 23. Nd4 Rac8 24. Bh3 Rfd8 25. Bg5 1-0

[Event "Ä17Â"]
[Site "Loo"]
[Date "2017.04.25"]
[Round "6.12"]
[White "Ýðäûíèåâà, Îþíà."]
[Black "Ïåð÷, Ñîôüÿ."]
[Result "1-0"]
[WhiteElo "2183"]
[BlackElo "1802"]
[PlyCount "137"]
[EventDate "2017.04.20"]

1. d4 d5 2. c4 e6 3. Nc3 Nf6 4. cxd5 exd5 5. Bg5 Be7 6. e3 O-O 7. Bd3 c6 8. Qc2
Nbd7 9. Nf3 Re8 10. O-O Nf8 11. h3 g6 12. Rab1 Ne6 13. Bh4 Ng7 14. b4 a6 15. a4
Bf5 16. Bxf5 Nxf5 17. Bxf6 Bxf6 18. b5 Qd7 19. bxc6 bxc6 20. Rb3 Nd6 21. Nd2
Rec8 22. Rfb1 Bd8 23. Qd3 Bc7 24. e4 dxe4 25. Ncxe4 Nxe4 26. Nxe4 Qf5 27. Nc5
Qxd3 28. Rxd3 Rab8 29. Rdb3 Rxb3 30. Rxb3 a5 31. Rb7 Bf4 32. Nb3 Rd8 33. g3 Bh6
34. Ra7 Bg7 35. Nxa5 Rxd4 36. Ra8+ Bf8 37. Nxc6 Rd1+ 38. Kg2 Kg7 39. Ne5 Bc5
40. Rc8 Rd5 41. Nc4 Bb4 42. Rb8 Bc3 43. Rb3 Be1 44. Kf1 Rd4 45. Kxe1 Rxc4 46.
Ra3 Kf6 47. a5 Rc7 48. a6 Ra7 49. Kd2 Ke6 50. Kc3 Kd6 51. Kb4 Kc7 52. Kb5 Ra8
53. Rc3+ Kd7 54. Kb6 Rb8+ 55. Ka7 Rb2 56. f3 h6 57. Rd3+ Kc7 58. Rd4 Rb5 59.
Rf4 f5 60. g4 Rc5 61. gxf5 gxf5 62. Rb4 Rc6 63. Rb7+ Kc8 64. Rf7 Rc7+ 65. Rxc7+
Kxc7 66. f4 h5 67. h4 Kc8 68. Kb6 Kb8 69. Kc6 1-0

[Event "Ä17Â"]
[Site "Loo"]
[Date "2017.04.25"]
[Round "6.13"]
[White "Ïèâèíà, Ìàðèÿ."]
[Black "Ãðèãîðüåâà, Þëèÿ."]
[Result "0-1"]
[WhiteElo "1827"]
[BlackElo "1922"]
[PlyCount "76"]
[EventDate "2017.04.20"]

1. e4 e5 2. Nf3 Nc6 3. Bc4 Bc5 4. O-O Nf6 5. d3 d6 6. a4 a5 7. c3 Bg4 8. Qb3
Qd7 9. Bxf7+ Qxf7 10. Qxb7 O-O 11. Qxc6 Qh5 12. Nxe5 Be2 13. Nf3 Bxf3 14. gxf3
Qxf3 15. Nd2 Qxd3 16. Kg2 Qe2 17. Qb5 Qg4+ 18. Kh1 Qh3 19. Qe2 Nh5 20. b4 Rxf2
21. Qxf2 Bxf2 22. Rxf2 Qxc3 23. Rb1 axb4 24. Bb2 Qe3 25. Rg2 g6 26. Rc1 c5 27.
Rf1 Nf4 28. Rgf2 Nd3 29. Rf6 Nxb2 30. Rxd6 Nd3 31. Rf3 Qxd2 32. Rfxd3 Qe1+ 33.
Kg2 Qxe4+ 34. Kg1 c4 35. R3d4 Qe3+ 36. Kg2 Rf8 37. Rd8 Qf3+ 38. Kg1 Qf1# 0-1

[Event "Ä17Â"]
[Site "Loo"]
[Date "2017.04.25"]
[Round "6.14"]
[White "Êèðàêîñÿí, Êàìèëà."]
[Black "Ñåðäèòûõ, Îëåñÿ."]
[Result "1/2-1/2"]
[WhiteElo "1803"]
[BlackElo "1915"]
[PlyCount "77"]
[EventDate "2017.04.20"]

1. Nf3 d5 2. c4 e6 3. b3 c5 4. Bb2 Nf6 5. e3 Nc6 6. d4 cxd4 7. Nxd4 Bb4+ 8. Bc3
Qa5 9. Bxb4 Qxb4+ 10. Qd2 Qxd2+ 11. Nxd2 Nxd4 12. exd4 dxc4 13. Nxc4 Ke7 14.
Be2 Rd8 15. Rd1 Nd5 16. Bf3 b6 17. O-O Ba6 18. Rfe1 Rac8 19. Ne3 Bb7 20. Rc1
Rxc1 21. Rxc1 Rd7 22. Rc4 f5 23. Nxd5+ Bxd5 24. Bxd5 Rxd5 25. Kf1 Rd7 26. Ke2
Kd6 27. Kd3 e5 28. dxe5+ Kxe5+ 29. Ke3 g5 30. g3 g4 31. Rc8 Re7 32. f3 gxf3 33.
Kxf3 Rd7 34. Ke3 Re7 35. Kf3 Rd7 36. Ke3 Re7 37. Kf3 Rd7 38. Ke3 Re7 39. Kf3
1/2-1/2

[Event "Ä17Â"]
[Site "Loo"]
[Date "2017.04.25"]
[Round "6.15"]
[White "Êîðîë¸âà, Åâãåíèÿ."]
[Black "×åìáîðèñîâà, Ýëèíà."]
[Result "1-0"]
[WhiteElo "1909"]
[BlackElo "1840"]
[PlyCount "83"]
[EventDate "2017.04.20"]

1. d4 Nf6 2. c4 e6 3. Nc3 Bb4 4. a3 Bxc3+ 5. bxc3 d6 6. e3 O-O 7. Bd3 e5 8. Ne2
e4 9. Bb1 Be6 10. Qb3 b6 11. Ng3 d5 12. cxd5 Bxd5 13. c4 Bb7 14. O-O h5 15. f3
exf3 16. gxf3 g6 17. Ne2 Nc6 18. Qc2 Ne7 19. e4 Nc6 20. Bb2 Na5 21. Rf2 Ba6 22.
Ba2 Kh7 23. Rg2 Rg8 24. Bc1 Nc6 25. Be3 Nd7 26. Bg5 f6 27. Bc1 Qe7 28. Qd2 g5
29. Ng3 h4 30. Nf5 Qf8 31. Bb2 Ne7 32. Ne3 Ng6 33. Rg4 Ne7 34. Rd1 Qh6 35. Bb1
Kh8 36. Kh1 Nf8 37. d5 Rd8 38. e5 Nd7 39. exf6 Nxf6 40. Qd4 Qg7 41. Qxf6 Qxf6
42. Bxf6+ 1-0

[Event "Ä17Â"]
[Site "Loo"]
[Date "2017.04.25"]
[Round "6.16"]
[White "Èâàí÷åíêî, Àëåêñàíäðà."]
[Black "Òðîÿíîê, Òàòüÿíà."]
[Result "0-1"]
[WhiteElo "1684"]
[BlackElo "1902"]
[PlyCount "112"]
[EventDate "2017.04.20"]

1. e4 c5 2. Nf3 a6 3. d4 cxd4 4. Nxd4 Nf6 5. Nc3 d6 6. f3 e5 7. Nb3 Be6 8. Bg5
Nbd7 9. Nd5 Bxd5 10. exd5 Be7 11. Be3 a5 12. a4 O-O 13. c4 b6 14. Bd3 Rc8 15.
Rc1 e4 16. Bxe4 Nxe4 17. fxe4 Ne5 18. O-O Nxc4 19. Qd4 Bf6 20. Rxf6 Qxf6 21.
Rxc4 Qxd4 22. Rxd4 f5 23. Bf4 fxe4 24. Bxd6 Rf5 25. Bg3 e3 26. Re4 Rxd5 27.
Rxe3 Rc2 28. h3 Rxb2 29. Bc7 Rd1+ 30. Kh2 Rdb1 31. Nd4 Rd2 32. Nb5 Rbb2 33.
Bxb6 Rxg2+ 34. Kh1 Rh2+ 35. Kg1 Rhd2 36. Re1 Rg2+ 37. Kf1 h6 38. Nc3 Rh2 39.
Nb5 Rh1+ 40. Bg1 Rxh3 41. Re3 Rb1+ 42. Ke2 Rh4 43. Rg3 Rxa4 44. Nc3 Rb2+ 45.
Kd3 Rab4 46. Bd4 Rb7 47. Rg1 Rh2 48. Ra1 Rh5 49. Ra4 Rb4 50. Rxb4 axb4 51. Na2
b3 52. Nc1 Rb5 53. Bb2 h5 54. Kc4 Rf5 55. Nxb3 h4 56. Nd4 Rf2 0-1

[Event "Ä17Â"]
[Site "Loo"]
[Date "2017.04.25"]
[Round "6.17"]
[White "Ñòðîãàíîâà, Êàðèíà."]
[Black "Çàõàðîâà, Òàòüÿíà."]
[Result "0-1"]
[WhiteElo "1790"]
[BlackElo "1811"]
[PlyCount "148"]
[EventDate "2017.04.20"]

1. d4 d5 2. Nf3 Nf6 3. c4 c6 4. g3 Bf5 5. Bg2 e6 6. O-O h6 7. Qb3 Qc8 8. Bf4
Nbd7 9. Nbd2 Be7 10. Rac1 O-O 11. Rfd1 Re8 12. Ne5 Nxe5 13. dxe5 dxc4 14. Nxc4
Nd7 15. Na5 Rb8 16. Bxc6 bxc6 17. Nxc6 Qxc6 18. Rxc6 Rxb3 19. axb3 Nb6 20. Ra1
Rd8 21. Rc7 Nd5 22. Rcxa7 g5 23. Bd2 Kg7 24. Rb7 Rc8 25. Raa7 Rc2 26. Bc3 Bh3
27. Ra1 Rxe2 28. b4 Bd8 29. Bd4 Rd2 30. Bc5 Kg6 31. Rb1 f6 32. Rd7 Bc7 33. exf6
Kxf6 34. b5 Bf5 35. b6 Bxb6 36. Rc1 Bxc5 37. Rxc5 Rxb2 38. Rc1 Bh3 39. Rh7 Kg6
40. Rh8 Kg7 41. Rhc8 Nf6 42. R8c7+ Kg6 43. Re1 Ne4 44. Rec1 Rxf2 45. R7c2 Rxc2
46. Rxc2 Bf5 47. Rc6 Nd2 48. Kf2 Ne4+ 49. Kf3 Nf6 50. Ke2 Nd5 51. Rd6 Kh5 52.
Kf3 g4+ 53. Ke2 Nc3+ 54. Ke3 Ne4 55. Ra6 Ng5 56. Kf4 Nf3 57. h3 Nd4 58. hxg4+
Bxg4 59. Ke3 Nf3 60. Ra5+ Kg6 61. Kf4 h5 62. Ra6 Kf7 63. Ra7+ Kf6 64. Ra6 Ke7
65. Ra7+ Kd6 66. Ra6+ Kd5 67. Ra5+ Kd4 68. Ra4+ Kd3 69. Ra3+ Ke2 70. Ra2+ Kf1
71. Ke4 Ng1 72. Kf4 Ne2+ 73. Kg5 Nxg3 74. Ra4 Kf2 0-1

[Event "Ä17Â"]
[Site "Loo"]
[Date "2017.04.25"]
[Round "6.18"]
[White "Êâà÷êî, Àíàñòàñèÿ."]
[Black "Øàõìàòîâà, Êñåíèÿ."]
[Result "1-0"]
[WhiteElo "1772"]
[BlackElo "1903"]
[PlyCount "59"]
[EventDate "2017.04.20"]

1. e4 d6 2. d4 Nf6 3. Nc3 g6 4. f4 Bg7 5. Nf3 O-O 6. Bd3 c6 7. O-O Nbd7 8. Be3
Qc7 9. e5 Ng4 10. Qe2 Nxe3 11. Qxe3 dxe5 12. fxe5 Nb6 13. h3 Nd5 14. Nxd5 cxd5
15. Rf2 h6 16. Raf1 Be6 17. Nh4 Qb6 18. c3 Bd7 19. Qg3 Rae8 20. a3 a6 21. Re1
Qe6 22. Be2 Qc6 23. Bd1 Be6 24. Bc2 Qd7 25. Ref1 Kh8 26. Nxg6+ fxg6 27. Qxg6
Bg8 28. Rf7 Rxf7 29. Rxf7 Bf8 30. Rh7+ 1-0

[Event "Ä17Â"]
[Site "Loo"]
[Date "2017.04.25"]
[Round "6.19"]
[White "Õàí, Àíàñòàñèÿ."]
[Black "Ñóâåðí¸âà, Àë¸íà."]
[Result "1-0"]
[WhiteElo "1868"]
[BlackElo "1768"]
[PlyCount "79"]
[EventDate "2017.04.20"]

1. d4 d5 2. Nf3 Nf6 3. c4 c6 4. Nc3 e6 5. e3 Nbd7 6. Bd3 dxc4 7. Bxc4 b5 8. Bd3
a6 9. e4 c5 10. e5 cxd4 11. Nxb5 axb5 12. exf6 Bb4+ 13. Bd2 Bxd2+ 14. Qxd2 Qxf6
15. Bxb5 e5 16. O-O Bb7 17. Nxe5 Qxe5 18. Rfe1 Be4 19. Rxe4 Qxe4 20. Re1 Qxe1+
21. Qxe1+ Kd8 22. a4 Nc5 23. Qe5 Ne6 24. f4 d3 25. Qd5+ Ke7 26. Qxd3 Rad8 27.
Qe3 g6 28. b4 Rd1+ 29. Kf2 Rd4 30. g3 Rhd8 31. Qc3 Rd2+ 32. Ke3 Rxh2 33. a5 Rg2
34. Ke4 Rd4+ 35. Kf3 Rdd2 36. Ba6 Nd4+ 37. Ke4 f5+ 38. Ke5 Rxg3 39. Qc7+ Ke8
40. Kf6 1-0